|
书名:
|
中医基础学
|
|
|
作者:
|
|
|
出版信息:
|
杭州
浙江人民出版社
1972.09
|
|
开本页数:
|
19cm 
181页
|
|
丛书名:
|
|
|
单 册:
|
|
|
中图分类:
|
R
|
|
科图分类:
|
|
|
主题词:
|
医药学
|
|
电子资源:
|
|
|
ISBN:
|
|
|
000
|
00436nam0 2200181 450
|
|
001
|
0640400000
|
|
005
|
20060322111334.50
|
|
010
|
|
@dCNY0.35
|
|
100
|
|
@a20060322d1972 km y0chiy0120 ea
|
|
101
|
0
|
@achi
|
|
102
|
|
@aCN@b330000
|
|
200
|
1
|
@a中医基础学@Azhong yi ji chu xue
|
|
210
|
|
@a杭州@c浙江人民出版社@d1972.09
|
|
215
|
|
@a181页@d19cm
|
|
606
|
0
|
@a医药学
|
|
690
|
|
@aR@v4
|
|
801
|
0
|
@aCN@bNISOFT@c20060322
|
|
905
|
|
@a10447@dR@e511
|
|
|
|
|
| |
| 中医基础学.-杭州:浙江人民出版社,1972.09 |
| 181页;19cm |
| |
| |
| ISBN :CNY0.35 |
| |
| ● |
正题名:中医基础学
索取号:R/511
 
预约/预借
| 序号
|
登录号
|
条形码
|
馆藏地/架位号
|
状态
|
备注
|
|
1
|
97025
|
200970253
|
海科密-1楼/50架2列1层/
[索取号:R/511]
|
在馆
|
|